Možnosti Internetu : za 7 dní /

Gespeichert in:
Bibliographische Detailangaben
Hauptverfasser: Norton, Bob (Verfasst von), Smithová, Cathy (Verfasst von)
Format: Buch
Sprache:Slowakisch
Veröffentlicht: Bratislava : OPEN WINDOWS, 1997
Schlagworte:
Tags: Tag hinzufügen
Keine Tags, Fügen Sie das erste Tag hinzu!

MARC

LEADER 00000nam a22000003a 4500
001 stu8650
005 20150617225806.5
008 970710s1997----xo------------------slo-d
020 |a 80-85741-20-2 
040 |a STU  |b slo 
041 0 |a slo 
044 |a xo 
080 |a 339.138  |7 stu_us_auth*stu8219 
080 |a 658.6/.8 
100 1 |a Norton, Bob  |4 aut 
245 1 |a Možnosti Internetu :  |b za 7 dní /  |c [aut.] Norton,Bob; Smithová,Cathy 
260 |a Bratislava :  |b OPEN WINDOWS,  |c 1997 
300 |a 100 s 
650 7 |a internet  |2 stusub 
650 7 |a marketing  |2 estusub 
650 7 |a manažment  |2 stusub 
650 7 |a výpočtová technika  |2 stusub 
650 7 |a grafické programy  |2 stusub 
700 1 |a Smithová, Cathy  |4 aut 
996 |b 284AU01489  |c A*3999 U  |l AAKNAR  |s A  |a 24  |w stu8650_0001 
996 |b E81301  |c R*81301  |l RRUM  |s A  |a 24  |w stu8650_0002